Statistics for All 1M+ Cities by Letter - X

Click here to take the quiz!

General Stats

  • This quiz has been taken 149 times
  • The average score is 3 of 8

Answer Stats

Country (State)Population (Millions)City Name% Correct
China (Shaanxi)6.8Xi'an
100%
China (Fujian)9.9Xiamen
94%
China (Jiangsu)2.825Xuzhou
35%
China (Qinghai)1.42Xining
22%
China (Henan)2.175Xinxiang
21%
China (Hubei)1.82Xiangyang
20%
China (Hebei)1.47Xingtai
18%
China (Hunan)1.51Xiangtan
15%

Score Distribution

Percentile by Number Answered

Percent of People with Each Score

Your Score History

You have not taken this quiz